000 00589nam a2200217Ia 4500
003 OSt
005 20220928135519.0
006 a|||||r|||| 00| 0
007 ta
008 220927b |||||||| |||| 00| 0 eng d
024 _a2675
037 _cTextual
040 _aSDCL
_cSDCL
_beng
041 _2eng
_aeng
082 _aO-,1L:g(S:55), L9
100 _aParker Patricia A
_9491100
245 0 _aInescapable romance
_b Studies in the poetics of a mode
260 _c1979
942 _hO-,1L:g(S:55), L9
_cTEXL
_2CC
999 _c806484
_d806484